| 000 | 01361nam a2200325Ia 4500 | ||
|---|---|---|---|
| 001 | ebr10685401 | ||
| 003 | CaPaEBR | ||
| 006 | m u | ||
| 007 | cr cn||||||||| | ||
| 008 | 120719s2013 ilu sb s001 0 eng d | ||
| 010 | _z 2012028166 | ||
| 020 | _z9780252037481 (hardcover : alk. paper) | ||
| 020 | _z9780252094682 (e-book) | ||
| 040 |
_aCaPaEBR _cCaPaEBR |
||
| 035 | _a(OCoLC)842262396 | ||
| 050 | 1 | 4 |
_aPN2016 _b.H66 2013eb |
| 082 | 0 | 4 |
_a331.88/11791430280973 _223 |
| 100 | 1 | _aHolmes, Sean P. | |
| 245 | 1 | 0 |
_aWeavers of dreams, unite! _h[electronic resource] : _bactor's unionism in early twentieth-century America / _cSean P. Holmes. |
| 260 |
_aUrbana : _bUniversity of Illinois Press, _c2013. |
||
| 300 | _a222 p. | ||
| 504 | _aIncludes bibliographical references and index. | ||
| 533 |
_aElectronic reproduction. _bPalo Alto, Calif. : _cebrary, _d2013. _nAvailable via World Wide Web. _nAccess may be limited to ebrary affiliated libraries. |
||
| 610 | 2 | 0 |
_aActors' Equity Association _xHistory. |
| 650 | 0 |
_aActors _xLabor unions _zUnited States _xHistory _y20th century. |
|
| 650 | 0 |
_aTheater _zUnited States _xHistory _y20th century. |
|
| 655 | 7 |
_aElectronic books. _2local |
|
| 710 | 2 | _aebrary, Inc. | |
| 856 | 4 | 0 |
_uhttp://site.ebrary.com/lib/rucke/Doc?id=10685401 _zAn electronic book accessible through the World Wide Web; click to view |
| 999 |
_c12979 _d12979 |
||